Mujer cooperativista y su realidad inmediata
| Autor corporatiu: | |
|---|---|
| Format: | Llibre |
| Idioma: | espanyol |
| Publicat: |
[Lugar de publicación no identificado] :
Alianza,
1991
|
| Matèries: |
MARC
| LEADER | 00000nam a2200000Ia 4500 | ||
|---|---|---|---|
| 008 | 170523b1991 xxu||||| |||| 00| | spa d | ||
| 999 | |c 1255 |d 1255 | ||
| 090 | |a 03.03.04 |b 335 | ||
| 110 | 2 | |a Alianza Cooperativa Internacional |9 2842 | |
| 245 | 1 | 0 | |a Mujer cooperativista y su realidad inmediata |
| 260 | |a [Lugar de publicación no identificado] : |b Alianza, |c 1991 | ||
| 300 | |a 153 páginas | ||
| 650 | 1 | 4 | |a COOPERATIVAS |9 2843 |
| 650 | 1 | 4 | |a MUJERES |9 55 |
| 942 | |i 00466 |h 03.03.04 335 |2 z |c 01 | ||
